[Event "Florianopolis op 9th"]
[Site "Florianopolis"]
[Date "2023.01.26"]
[Round "6"]
[White "Weise, William Ferreira"]
[Black "Fernandez, Maria Florencia"]
[Result "0-1"]
[WhiteElo "1856"]
[BlackElo "2181"]
[PlyCount "50"]
[EventDate "2023.01.23"]
[EventType "swiss"]
[EventRounds "10"]
[EventCountry "BRA"]
[SourceTitle "CBM 212 Extra"]
[Source "ChessBase"]
[SourceDate "2023.03.31"]
[SourceVersion "1"]
[SourceVersionDate "2023.03.31"]
[SourceQuality "1"]

1. e4 c5 2. Nf3 d6 3. d4 cxd4 4. Nxd4 Nf6 5. Nc3 g6 6. Be2 Bg7 7. Be3 0-0 8. Qd2 Nc6 9. Nb3 Be6 10. Bh6 Bxh6 11. Qxh6 a5 12. 0-0-0 a4 13. Nd4 Nxd4 14. Rxd4 Qb6 15. Rhd1 a3 16. b3 Rfc8 17. Nd5 Bxd5 18. exd5 Rc3 19. Bc4 Rc8 20. Qf4 Qa5 21. Kb1 b5 22. Bd3 Qc7 23. Qe3 Rxc2 24. Bxb5 Rb2+ 25. Ka1 Qc2 0-1

[Event "Florianopolis op 9th"]
[Site "Florianopolis"]
[Date "2023.01.23"]
[Round "1"]
[White "Solaeche G, Axel Jose"]
[Black "Weise, William Ferreira"]
[Result "1-0"]
[WhiteElo "1106"]
[BlackElo "1856"]
[PlyCount "105"]
[EventDate "2023.01.23"]
[EventType "swiss"]
[EventRounds "10"]
[EventCountry "BRA"]
[SourceTitle "CBM 212 Extra"]
[Source "ChessBase"]
[SourceDate "2023.03.31"]
[SourceVersion "1"]
[SourceVersionDate "2023.03.31"]
[SourceQuality "1"]

1. Nf3 e6 2. c4 Nf6 3. e3 b6 4. d4 Bb7 5. Nc3 Be7 6. Bd2 0-0 7. Be2 d6 8. h3 Nbd7 9. Qc2 c5 10. dxc5 Nxc5 11. 0-0 Rc8 12. Rac1 Nce4 13. Nxe4 Bxe4 14. Qb3 d5 15. cxd5 Rxc1 16. Rxc1 Bxd5 17. Qc2 Be4 18. Qc3 Qd7 19. Qd4 Qb7 20. Bc3 Rd8 21. Qa4 Bc6 22. Qc2 Ne4 23. Bd4 Bd5 24. a3 f6 25. Qc7 Rd7 26. Qxb7 Bxb7 27. Bb5 Rd5 28. Bc4 Rd6 29. Bb3 Bc6 30. Bc3 Nxc3 31. Rxc3 Bd5 32. Bxd5 Rxd5 33. Rc8+ Rd8 34. Rxd8+ Bxd8 35. Nd4 Kf7 36. Nc6 Ke8 37. Nxa7 Kd7 38. Nb5 Kc6 39. Nd4+ Kd5 40. f4 e5 41. fxe5 fxe5 42. Nf3 Bf6 43. Nd2 e4 44. b3 Bb2 45. Nc4 Bc1 46. Nxb6+ Kc5 47. Nc4 g5 48. Kf2 h5 49. Ke2 g4 50. h4 g3 51. Kd1 Bxa3 52. Nxa3 Kb4 53. Kc2 1-0

[Event "Timbo U2200 op 2nd"]
[Site "Timbo"]
[Date "2022.08.13"]
[Round "4"]
[White "Weise, William Ferreira"]
[Black "Dias, Henrique Jose Harms"]
[Result "1/2-1/2"]
[WhiteElo "1874"]
[BlackElo "1661"]
[PlyCount "115"]
[EventDate "2022.08.12"]
[EventType "swiss"]
[EventRounds "6"]
[EventCountry "BRA"]
[SourceTitle "EXT 2024"]
[Source "ChessBase"]
[SourceDate "2023.10.10"]
[SourceVersion "1"]
[SourceVersionDate "2023.10.10"]
[SourceQuality "1"]

1. e4 c6 2. d4 d5 3. f3 c5 4. dxc5 Qa5+ 5. Nc3 dxe4 6. fxe4 Nf6 7. Bb5+ Bd7 8. Qd3 Nc6 9. Bd2 Ne5 10. Bxd7+ Nfxd7 11. Qb5 Qxb5 12. Nxb5 Rc8 13. b4 a6 14. Nd4 g6 15. Ngf3 Bg7 16. Rc1 0-0 17. 0-0 Rfd8 18. Rfd1 b6 19. cxb6 Nxb6 20. Be3 Nbc4 21. Bf4 Ng4 22. h3 e5 23. Bg5 Nge3 24. Nc6 Rxd1+ 25. Rxd1 Nxd1 26. Ne7+ Kf8 27. Nxc8 Nc3 28. Be7+ Ke8 29. Nd6+ Kxe7 30. Nxc4 f6 31. a3 Nxe4 32. Ne3 Nc3 33. Kf1 Bh6 34. Nc4 Ke6 35. g4 Bf4 36. Nb6 Kd6 37. Ng1 Kc6 38. Nc8 Bc1 39. Ne2 Nxe2 40. Kxe2 Bxa3 41. c3 a5 42. bxa5 Bc5 43. Kd3 f5 44. gxf5 gxf5 45. a6 f4 46. Kc4 f3 47. a7 Kb7 48. Kd3 Bxa7 49. Nd6+ Kc6 50. Ne4 h6 51. Ng3 Bf2 52. Nf5 h5 53. Ke4 Be1 54. Kxf3 Bxc3 55. Ke4 Kd7 56. Ng7 h4 57. Nf5 Be1 58. Kxe5 1/2-1/2

[Event "Florianopolis op 8th"]
[Site "Florianopolis"]
[Date "2022.01.28"]
[Round "7"]
[White "Weise, William Ferreira"]
[Black "Segato, Pedro Henrique Pedr"]
[Result "1/2-1/2"]
[WhiteElo "1788"]
[BlackElo "1974"]
[PlyCount "44"]
[EventDate "2022.01.24"]
[EventType "swiss"]
[EventRounds "10"]
[EventCountry "BRA"]
[SourceTitle "CBM 206 Extra"]
[Source "ChessBase"]
[SourceDate "2022.03.31"]
[SourceVersion "1"]
[SourceVersionDate "2022.03.31"]
[SourceQuality "1"]

1. e4 e5 2. Nf3 Nc6 3. Bb5 Nf6 4. 0-0 Bc5 5. c3 0-0 6. Re1 d6 7. d4 Bb6 8. Bg5 Bg4 9. Bxc6 bxc6 10. dxe5 Bxf3 11. Qxf3 dxe5 12. Na3 Re8 13. Rad1 Qe7 14. Bxf6 Qxf6 15. Qxf6 gxf6 16. Rd7 Red8 17. Red1 Rxd7 18. Rxd7 Kf8 19. Nc4 Ke8 20. Nxb6 axb6 21. Rxc7 Rxa2 22. g3 c5 1/2-1/2

[Event "Caioba Copel op 5th"]
[Site "Caioba"]
[Date "2019.08.16"]
[Round "2"]
[White "Weise, William Ferreira"]
[Black "Trivilin, Maria Isabel"]
[Result "1-0"]
[WhiteElo "1801"]
[BlackElo "1695"]
[PlyCount "86"]
[EventDate "2019.08.15"]
[EventType "swiss"]
[EventRounds "6"]
[EventCountry "BRA"]
[SourceTitle "EXT 2020"]
[Source "ChessBase"]
[SourceDate "2019.10.17"]
[SourceVersion "1"]
[SourceVersionDate "2019.10.17"]
[SourceQuality "1"]

1. e4 e5 2. Nf3 Nc6 3. Bb5 Bc5 4. 0-0 d6 5. c3 Bd7 6. d4 exd4 7. cxd4 Bb6 8. Re1 Nge7 9. Bg5 0-0 10. Nc3 a6 11. Bf1 Bg4 12. Nd5 Bxf3 13. gxf3 Qd7 14. Nxb6 cxb6 15. d5 Ne5 16. Qb3 h6 17. Bxe7 Qxe7 18. f4 Ng6 19. Qg3 Rfe8 20. Rac1 Qh4 21. Qxh4 Nxh4 22. Rc3 Rac8 23. Ree3 Rxc3 24. Rxc3 g5 25. fxg5 Rxe4 26. gxh6 Rd4 27. Rc7 Rg4+ 28. Kh1 Rd4 29. h7+ Kxh7 30. Rxf7+ Kg6 31. Rxb7 Rd1 32. Kg1 Nf3+ 33. Kg2 Nh4+ 34. Kh3 Rxf1 35. Kxh4 Rxf2 36. Rxb6 Rxh2+ 37. Kg3 Rd2 38. Rxd6+ Kf5 39. Rb6 Rd3+ 40. Kf2 Rxd5 41. Ke3 Ra5 42. a3 Rb5 43. Rxb5+ axb5 1-0

[Event "Florianopolis op 5th"]
[Site "Florianopolis"]
[Date "2019.01.24"]
[Round "5"]
[White "Almeida Junior, Alvaro Alves de"]
[Black "Weise, William Ferreira"]
[Result "1/2-1/2"]
[WhiteElo "2039"]
[BlackElo "1778"]
[PlyCount "101"]
[EventDate "2019.01.21"]
[EventType "swiss"]
[EventRounds "10"]
[EventCountry "BRA"]
[SourceTitle "CBM 188 Extra"]
[Source "ChessBase"]
[SourceDate "2019.02.26"]
[SourceVersion "1"]
[SourceVersionDate "2019.02.26"]
[SourceQuality "1"]

1. e4 e6 2. d4 d5 3. Nd2 Nf6 4. e5 Nfd7 5. Bd3 c5 6. c3 Nc6 7. Ne2 cxd4 8. cxd4 f6 9. exf6 Nxf6 10. Nf3 Bd6 11. 0-0 0-0 12. Bg5 Qc7 13. Bh4 Nh5 14. Nc3 a6 15. g3 g6 16. Re1 Ng7 17. Bg5 Nf5 18. Bxf5 Rxf5 19. Be3 Bd7 20. Nh4 Rh5 21. Ng2 Rf8 22. Rc1 Qb8 23. Rc2 Ne7 24. Bf4 Bxf4 25. Nxf4 Rxf4 26. gxf4 Qxf4 27. f3 Nf5 28. Rg2 Ne3 29. Rxe3 Qxe3+ 30. Kh1 Rh3 31. Rg3 Rxg3 32. hxg3 Qf2 33. g4 Qxb2 34. Qd3 Qc1+ 35. Kg2 Bb5 36. Nxb5 Qb2+ 37. Kg3 Qxb5 38. Qe3 Qc6 39. Qe5 Qc8 40. Qd6 b5 41. Qb6 Kf7 42. Qa7+ Kg8 43. Qb6 h6 44. a3 Kf7 45. Qd6 g5 46. Kh3 a5 47. Kg3 Qb7 48. Qd8 b4 49. Qh8 Qc7+ 50. Kh3 Qc2 51. Qd8 1/2-1/2

[Event "Florianopolis op 5th"]
[Site "Florianopolis"]
[Date "2019.01.24"]
[Round "6"]
[White "Weise, William Ferreira"]
[Black "Nascimento, Pedro Henrique Alve"]
[Result "1-0"]
[WhiteElo "1778"]
[BlackElo "2015"]
[PlyCount "79"]
[EventDate "2019.01.21"]
[EventType "swiss"]
[EventRounds "10"]
[EventCountry "BRA"]
[SourceTitle "CBM 188 Extra"]
[Source "ChessBase"]
[SourceDate "2019.02.26"]
[SourceVersion "1"]
[SourceVersionDate "2019.02.26"]
[SourceQuality "1"]

1. d4 d5 2. Nf3 Nf6 3. Bf4 c5 4. e3 Nc6 5. c4 cxd4 6. Nxd4 Nxd4 7. exd4 e6 8. Nc3 a6 9. c5 Bd7 10. b4 Ne4 11. Nxe4 dxe4 12. Bc4 Bc6 13. 0-0 Be7 14. a4 0-0 15. b5 axb5 16. axb5 Bd5 17. Rxa8 Qxa8 18. Bxd5 exd5 19. Qa1 Bf6 20. Be3 Rc8 21. b6 h6 22. Qa7 Qxa7 23. bxa7 Ra8 24. Ra1 Bg5 25. Bxg5 hxg5 26. h3 Kf8 27. Kh2 f5 28. Kg3 Ke7 29. Ra2 Kf6 30. Ra3 Ke6 31. f4 Kf6 32. fxg5+ Kxg5 33. h4+ Kf6 34. Kf4 g6 35. g3 Ke6 36. Kg5 Kf7 37. h5 gxh5 38. Kxf5 e3 39. Rxe3 Rxa7 40. Ke5 1-0

[Event "Sao Bento do Sul op 06"]
[Site "Sao Bento do Sul"]
[Date "2018.06.16"]
[Round "2"]
[White "Weise, William Ferreira"]
[Black "Pereira, Aline Vitoria"]
[Result "1-0"]
[WhiteElo "1755"]
[BlackElo "1270"]
[PlyCount "97"]
[EventDate "2018.06.15"]
[EventType "swiss"]
[EventRounds "6"]
[EventCountry "BRA"]
[SourceTitle "EXT 2021"]
[Source "ChessBase"]
[SourceDate "2020.10.23"]
[SourceVersion "1"]
[SourceVersionDate "2020.10.23"]
[SourceQuality "1"]

1. d4 d5 2. Nf3 Bf5 3. e3 Nf6 4. c4 e6 5. Nc3 c5 6. Qb3 b6 7. Nh4 Be4 8. f3 dxc4 9. Bxc4 Bd5 10. Bb5+ Bc6 11. Bxc6+ Nxc6 12. Qa4 Qd7 13. dxc5 Bxc5 14. e4 a6 15. Bf4 e5 16. Rd1 Qb7 17. Bg5 Be7 18. Nf5 0-0 19. Qxc6 Qa7 20. Nxe7+ Qxe7 21. Nd5 Qe6 22. Bxf6 gxf6 23. Nxf6+ Kh8 24. Qxe6 fxe6 25. Nd7 Rf7 26. Nxe5 Rc7 27. 0-0 Rc2 28. Rf2 Rxf2 29. Kxf2 Rc8 30. Rd2 Rc5 31. Nd7 Rb5 32. h4 Kg7 33. g4 h6 34. a3 h5 35. g5 Kg6 36. b4 a5 37. Rd4 a4 38. f4 Kf7 39. Rc4 Ke7 40. Nb8 Kf7 41. Nc6 e5 42. f5 Kg7 43. Na7 Rxb4 44. Rxb4 b5 45. Rxb5 Kh7 46. Rb7+ Kg8 47. g6 Kf8 48. f6 Kg8 49. Rb8# 1-0

[Event "Florianopolis op 4th"]
[Site "Florianopolis"]
[Date "2018.01.24"]
[Round "8"]
[White "Weise, William Ferreira"]
[Black "Goetten Wagner, Julia"]
[Result "0-1"]
[WhiteElo "1838"]
[BlackElo "1812"]
[PlyCount "117"]
[EventDate "2018.01.19"]
[EventType "swiss"]
[EventRounds "10"]
[EventCountry "BRA"]
[SourceTitle "EXT 2019"]
[Source "ChessBase"]
[SourceDate "2018.10.10"]
[SourceVersion "1"]
[SourceVersionDate "2018.10.10"]
[SourceQuality "1"]

1. d4 d5 2. Nf3 Nf6 3. e3 c6 4. c4 Bf5 5. Nc3 e6 6. Qb3 Qb6 7. c5 Qxb3 8. axb3 Nbd7 9. Be2 Be7 10. b4 0-0 11. h3 a6 12. Nh4 Bg6 13. Nxg6 fxg6 14. f4 Nh5 15. Bxh5 Bh4+ 16. Ke2 gxh5 17. g4 b6 18. g5 bxc5 19. bxc5 Rfb8 20. Kd2 g6 21. Ne2 h6 22. Ng1 hxg5 23. Nf3 Nf6 24. Rg1 Ne4+ 25. Kc2 Bf2 26. Rg2 h4 27. Nxg5 Nxg5 28. Rxg5 Kh7 29. Bd2 Rf8 30. Re5 Rf6 31. Be1 Bxe1 32. Rxe1 Kg8 33. Rg5 Kf7 34. Rg4 Rh8 35. Kb3 a5 36. Ra1 Rb8+ 37. Kc3 Rb5 38. Rxh4 Kg7 39. Rg4 Rf8 40. Ra3 Rfb8 41. b3 Rh8 42. h4 Kf6 43. Kc2 Rh6 44. Ra1 Kf5 45. Rg5+ Kf6 46. Rag1 Rb8 47. Kc3 Rb5 48. R1g2 Rb8 49. Kc2 Rb5 50. h5 gxh5 51. Rg7 h4 52. Rc7 h3 53. Rh2 Rb8 54. Ra7 Rg8 55. Kd3 Rg2 56. Rh1 h2 57. Rxa5 Rg1 58. Ra1 Rxh1 59. Rxh1 0-1

[Event "Florianopolis op 4th"]
[Site "Florianopolis"]
[Date "2018.01.22"]
[Round "5"]
[White "Salvadego, Erika Giovana De O"]
[Black "Weise, William Ferreira"]
[Result "0-1"]
[WhiteElo "1282"]
[BlackElo "1838"]
[PlyCount "54"]
[EventDate "2018.01.19"]
[EventType "swiss"]
[EventRounds "10"]
[EventCountry "BRA"]
[SourceTitle "EXT 2019"]
[Source "ChessBase"]
[SourceDate "2018.10.10"]
[SourceVersion "1"]
[SourceVersionDate "2018.10.10"]
[SourceQuality "1"]

1. d4 e6 2. c4 Bb4+ 3. Nc3 Nf6 4. e3 0-0 5. Nge2 b6 6. a3 Be7 7. Qc2 Bb7 8. Ng3 c5 9. b3 d5 10. Bb2 cxd4 11. exd4 dxc4 12. bxc4 Nc6 13. Nce2 Rc8 14. Rd1 Qc7 15. Nc3 a6 16. Nce4 Na5 17. Nd2 Rfd8 18. Rc1 h6 19. f3 Nd5 20. Qd3 Nf4 21. Qe3 Bg5 22. Qc3 e5 23. Nge4 exd4 24. Qc2 Bxe4 25. Nxe4 d3 26. Qc3 f5 27. Nxg5 d2+ 0-1

[Event "Caioba Telecom op"]
[Site "Caioba"]
[Date "2017.09.30"]
[Round "6"]
[White "Weise, William Ferreira"]
[Black "Da Silva, Daniel Leite"]
[Result "0-1"]
[WhiteElo "1812"]
[BlackElo "2033"]
[PlyCount "88"]
[EventDate "2017.09.28"]
[EventType "swiss"]
[EventRounds "8"]
[EventCountry "BRA"]
[SourceTitle "EXT 2018"]
[Source "ChessBase"]
[SourceDate "2017.10.13"]
[SourceVersion "1"]
[SourceVersionDate "2017.10.13"]
[SourceQuality "1"]

1. d4 Nf6 2. Nf3 g6 3. c4 Bg7 4. Nc3 0-0 5. Bf4 d6 6. e3 Nbd7 7. Bd3 Re8 8. Qc2 e5 9. dxe5 dxe5 10. Bg5 h6 11. Bh4 Nc5 12. 0-0-0 Bd7 13. Ne4 Ncxe4 14. Bxe4 g5 15. Bg3 Nxe4 16. Qxe4 Bc6 17. Rxd8 Bxe4 18. Rxa8 Rxa8 19. Bxe5 Bxf3 20. Bxg7 Bxg2 21. Rg1 Kxg7 22. Rxg2 Rd8 23. h4 Kg6 24. hxg5 hxg5 25. Kc2 f5 26. f3 Rh8 27. f4 g4 28. c5 Rh3 29. Kd3 g3 30. Ke2 Kh5 31. Kf3 Kh4 32. b4 Rh1 33. Rxg3 Rf1+ 34. Kg2 Rg1+ 35. Kxg1 Kxg3 36. e4 Kxf4 37. exf5 Kxf5 38. Kf2 Ke4 39. Ke2 Kd4 40. Kd2 Kc4 41. a3 Kb3 42. Kd3 Kxa3 43. Kc3 Ka4 44. Kc4 a5 0-1

[Event "Penha IRT U2050 1st"]
[Site "Penha"]
[Date "2017.09.22"]
[Round "2.2"]
[White "Weise, William Ferreira"]
[Black "Zimmermann, Kleber Renato P"]
[Result "0-1"]
[WhiteElo "1812"]
[BlackElo "1963"]
[PlyCount "84"]
[EventDate "2017.09.22"]
[EventType "swiss"]
[EventRounds "7"]
[EventCountry "BRA"]
[SourceTitle "EXT 2022"]
[Source "ChessBase"]
[SourceDate "2021.10.06"]
[SourceVersion "1"]
[SourceVersionDate "2021.10.06"]
[SourceQuality "1"]

1. d4 Nf6 2. Nf3 g6 3. c4 c5 4. e3 Bg7 5. Nc3 0-0 6. Be2 cxd4 7. exd4 d5 8. c5 Nc6 9. a3 Ne4 10. 0-0 b6 11. cxb6 axb6 12. Be3 Nxc3 13. bxc3 Ba6 14. Bxa6 Rxa6 15. Qd2 Na5 16. Rfb1 Nc4 17. Qc1 Qa8 18. Bh6 Rxa3 19. Bxg7 Kxg7 20. Rxa3 Qxa3 21. Qxa3 Nxa3 22. Rxb6 Rc8 23. Rb3 Nc4 24. Ne5 Nxe5 25. dxe5 d4 26. c4 Rxc4 27. g3 Rc5 28. f4 f6 29. exf6+ Kxf6 30. Rd3 e5 31. Kg2 Kf5 32. fxe5 Kxe5 33. Kf3 Rc3 34. Rxc3 dxc3 35. Ke3 c2 36. Kd2 Ke4 37. Kxc2 Kf3 38. Kd3 Kg2 39. Ke4 Kxh2 40. Kf3 Kh3 41. Kf4 h6 42. Kf3 g5 0-1